[Event "Vlissingen HZ op 22nd"]
[Site "Vlissingen"]
[Date "2018.08.09"]
[Round "7"]
[White "Bressy, Theo"]
[Black "Vriens, Huib"]
[Result "1-0"]
[WhiteElo "2140"]
[BlackElo "1670"]
[PlyCount "53"]
[EventDate "2018.08.04"]
[EventType "swiss"]
[EventRounds "9"]
[EventCountry "NED"]
[SourceTitle "CBM 185 Extra"]
[Source "ChessBase"]
[SourceDate "2018.07.29"]
[SourceVersion "1"]
[SourceVersionDate "2018.07.29"]
[SourceQuality "1"]

1. Nf3 d5 2. g3 Nf6 3. Bg2 c6 4. 0-0 Bf5 5. c4 e6 6. cxd5 exd5 7. d3 Be7 8. Nh4 Be6 9. Nc3 Nbd7 10. Qc2 0-0 11. e4 d4 12. Ne2 c5 13. f4 Nb6 14. f5 Bd7 15. Nf4 Ng4 16. Qe2 Ne5 17. Nf3 Bd6 18. b3 Bc6 19. Nxe5 Bxe5 20. Ba3 Nd7 21. b4 b6 22. Rac1 Qe7 23. bxc5 bxc5 24. Nh5 f6 25. Qc2 Bb5 26. Qb3+ Qf7 27. Qxb5 1-0